000
00260nam a22001097a 4500
008
170110b xxu||||| |||| 00| 0 eng d
020
_a
9780874349030
041
_a
eng
080
_2
3RD
_a
618.2
245
_a
NURSING PHARMACOLOGY
_c
VALLERAND, A.H
942
_2
udc
_c
BK
999
_c
2614
_d
2614